000 00742cam a2200241 a 4500
001 12958026
005 20260312185207.0
008 021004s2004 maua b 001 0 eng
020 _a0072558350
_qalk. paper
020 _a9780072558357
_q(alk. paper)
050 0 0 _aHQ21
_b.K259 2004
082 0 0 _a306.7
_221
100 1 _aKelly, Gary F.
245 1 0 _aSexuality today :
_bthe human perspective /
_cGary F. Kelly.
250 _aUpdated 7th ed.
260 _aBoston :
_bMcGraw-Hill,
_cc2004.
300 _a1 v. (various pagings) :
_bcol. ill. ;
_c28 cm. +
_e1 CD-ROM (4 3/4 in.)
650 0 _aSex.
650 0 _aSex instruction.
650 0 _aSexual health.
650 0 _aSex customs
_zUnited States.
942 _2lcc
_cBK
_eUpdated 7th Ed.
_n0
999 _c9002
_d9002